| 000 | 00496nam a2200145Ia 4500 | ||
|---|---|---|---|
| 008 | 140724s9999 xx 000 0 und d | ||
| 050 |
_aHF 5547 _b.N576 2012 |
||
| 100 | _aNguyen, Hieu Le Thanh. | ||
| 245 |
_aMarketability of Southville International School and Colleges / _cHieu La Thanh Nguyen |
||
| 260 |
_aLas PiƱas, Philippines : _bSouthville International School and Colleges, _cc2012. |
||
| 300 |
_a74 p. : _bcol. ill. ; _c28 cm. |
||
| 521 | _aMarketing | ||
| 942 | _cTH | ||
| 999 |
_c228667 _d228667 |
||